00961cam a22002415a 45000010009000000050017000090080041000260200015000670200018000820820021001002450100001212600058002213000040002795040042003196500049003616500034004106500036004446530021004807100040005019420012005419990017005539520149005701664528820130131134101.0110209s2010 xx 000 0 eng  a158906948X a9781589069480 222a332.042bGLO00aGlobal Financial Stability Report, October 2010 :bSovereigns, Funding, and Systemic Liquidity. aWashington, DC :bInternational Monetary Fund,c2010. axiii, 132 p. :c28 cm.bcol. ill. ; aIncludes bibliographical references.  aCapital marketzDeveloping countries.932191 aInternational finance.932192 aEconomic stabilization. 932193 bEcocJanuary2013 aInternational Monetary Fund.932194 2ddccBB c17183d17155 00102ddc40708M-E-OaMAINbMAINc1STd2013-01-31epurchaseg250.00h001338l1m1o332.042 GLOp000027945r2025-07-15 00:00:00s2016-04-26yBB